ბათუმის შოთა რუსთაველის სახელმწიფო უნივერსიტეტის ბიბლიოთეკა

ძმები: (ბიბ.ჩანაწერი № 54962)

000 -ლიდერი
ფიქსირებული სიგრძის საკონტროლო ველი 01451nam a2200253Ia 4500
001 - საკონტროლო ნომერი
საკონტროლო ველი 22033
003 - საკონტროლო ნომრის იდენტიფიკატორი
საკონტროლო ველი GE_BSU
005 - ბოლო ოპერაციის თარიღი და დრო
საკონტროლო ველი 20220927174439.0
008 - ფიქსირებული სიგრძის მონაცემთა ელემენტები - ზოგადი ინფორმაცია
ფიქსირებული სიგრძის საკონტროლო ველი 181216s2009||||ge |||||||||||||| ||geo||
040 ## - კატალოგიზაციის წყარო
Transcribing agency GE_BSU
041 ## - ენის კოდი
Language code of text/sound track or separate title geo
080 ## - უნივერსალური ათობითი კლასიფიკაციის ინდექსი
Universal Decimal Classification number 821.353.1.09 ზ-77
100 ## - მთავარი ჩანაწერი - პიროვნების სახელი
Personal name ზოიძე, შოთა
9 (RLIN) 4207
245 ## - ცნობა სათაურის შესახებ
Title ძმები:
Remainder of title (ორი ესე) /
Statement of responsibility, etc შოთა ზოიძე ; რედ. თეა თავბერიძე.
264 ## - წარმოების, გამოცემის, დისტრიბუციის და სხვა ცნობები
გამოცემის, წარმოების, დისტრიბუციის... ადგილი ბათუმი :
გამოცემის, წარმოების, დისტრიბუციის... სახელწოდება პოლიგრაფისტი-1,
გამოცემის, წარმოების, დისტრიბუციის... თარიღი 2009.
300 ## - ფიზიკური აღწერა
Extent 39 გვ. :
Other physical details 1ფ პორტრეტი ;
Dimensions 17 სმ.
500 ## - ზოგადი შენიშვნა
General note წიგნში შევიდა შოთა ზოიძის ორი ესეისტური ნაშრომი, რომელშიც პროფესიულადაა გაშუქებული თანამედროვეობის ორი გამოჩენილი მწერლის-ძმების თამაზ და ოთარ ჭილაძეების შემოქმედებისა და მხატვრული ოსტატობის საკითხები
653 ## - INDEX TERM--UNCONTROLLED
Uncontrolled term ქართული ლიტერატურა
653 ## - INDEX TERM--UNCONTROLLED
Uncontrolled term ძმები
653 ## - INDEX TERM--UNCONTROLLED
Uncontrolled term (ორი ესე)
700 ## - ADDED ENTRY--PERSONAL NAME
Personal name თავბერიძე, თეა
Relator term რედაქტორი
9 (RLIN) 14875
942 ## - ADDED ENTRY ELEMENTS (KOHA)
Koha item type წიგნი
Source of classification or shelving scheme
ეგზემპლარები
ჩამოწერის სტატუსი დაკარგული ეგზემპლარის სტატუსი კლასიფიკაციის წყარო ან თაროზე გაწყობის სქემა დაზიანების სტატუსი არ გაიცემა მუდმივი მდებარეობა (დაცვის ადგილი) ამჟამინდელი ადგილსამყოფელი თაროზე განთავსების ადგილი შეძენის თარიღი ღირებულება, შესყიდვის ნორმალური ფასი სრული შენახვის შიფრი შტრიხკოდი ბოლო ოპერაციის თარიღი ეგზემპლარის მიმდევრობითი ნომერი (კეტერი?) ფასის ძალაში შესვლის თარიღი ეგზემპლარის სახეობა საჯარო შენიშვნა
          ბათუმის შოთა რუსთაველის სახელმწიფო უნივერსიტეტის მთავარი ბიბლიოთეკა ბათუმის შოთა რუსთაველის სახელმწიფო უნივერსიტეტის მთავარი ბიბლიოთეკა წიგნსაცავი 2018-12-17 2.00 821.353.1.09 ზ-77 56755 2018-12-17 56755 2018-12-17 წიგნი 2.00 ₾.